000 00414nam a2200181Ia 4500
001 2972
005 20260306144846.0
008 260306t2010||||xx |||||||||||||| ||spa||
041 _aESP
082 _a237
_bS719
100 _aSayés, José Antonio
_eAUT
245 0 _aLa gracia de cristo
260 _c2010
300 _a599 páginas :
_c21 cm.
650 _aGEN
654 _aCHU
942 _cLIB
_dJUS
_fJUS
_2ddc
_n
999 _c2972
_d2972